| 000 | 00724nam a2200265Ia 4500 | ||
|---|---|---|---|
| 001 | 4127 | ||
| 003 | 8212 | ||
| 005 | 20250128062600.0 | ||
| 008 | ||||||n9999 ||| || || | ||
| 041 | _aspa | ||
| 082 |
_219 _a333 |
||
| 100 |
_aHernandez G., Jose M. _97516 |
||
| 245 | 0 |
_aLa aldea escuela cooperativa como instrumento de cambio social _bel caso de la cuenca superior del rio Lebrija, en Colombia |
|
| 260 |
_aBogotá : _bUniveridad de los Andes. CEDE, _c1970. |
||
| 300 | _a97p | ||
| 562 | _e1 | ||
| 650 | 0 |
_aCambio social _91896 |
|
| 650 |
_aCOLOMBIA _97517 |
||
| 650 |
_aECONOMIA AGRARIA _95806 |
||
| 650 |
_aRIO LEBRIJA _97518 |
||
| 942 | _cBKM | ||
| 999 |
_c4127 _d4127 |
||
| 526 | _a4969 | ||
| 526 | _a51868 | ||
| 526 | _a1697 | ||